000 00544nam a22001697a 4500
005 20251108170856.0
008 250721s1993 xx 000 0 ara d
082 1 4 _a214.2/علي
100 1 _aعلي، أميمة محمد
245 1 0 _aفتنة المسيح الدجال و عجائب يأجوج و مأجوج /
264 1 _aالقاهرة :
_bدار الروضة للنشر و التوزيع،
_c1993.
300 _a59ص
650 1 7 _aاليوم الآخر
650 1 7 _aعلامات الساعة
942 _2ddc
_cBK
999 _c51098
_d51098